|
|
|
|
| LEADER |
00000cam a2200000 4500 |
| 001 |
vtls012086489 |
| 003 |
SK-MaSNL |
| 005 |
20260331212419.0 |
| 008 |
220207s2021 xo a a 000 0 slo |
| 015 |
|
|
|a SNBA2022/04
|
| 020 |
|
|
|a 9788056707708
|q (viazané)
|
| 040 |
|
|
|a SNK
|b slo
|c SNK
|e rda
|
| 041 |
1 |
|
|a slo
|h fre
|
| 044 |
|
|
|a xo
|c SK
|
| 072 |
|
7 |
|a 0/9-053.2
|x Literatúra pre deti a mládež (náučná)
|2 konspekt
|
| 072 |
|
7 |
|a 630
|x Lesníctvo
|2 konspekt
|
| 080 |
|
|
|a 630.1
|2 2011
|
| 080 |
|
|
|a 591.9:630
|2 2011
|
| 080 |
|
|
|a (0.025.2)
|2 2011
|
| 080 |
|
|
|a (0.053.2)
|2 2011
|
| 080 |
|
|
|a 581.9:630
|2 2011
|
| 100 |
1 |
|
|a Faulques, Julie,
|d 1979-
|4 ill
|9 623145
|
| 240 |
1 |
0 |
|a Dans la forêt
|l Slovensky
|
| 245 |
1 |
0 |
|a Prechádzka po lese
|c ilustrovala Julie Faulques ; preklad Jitka Madarásová
|
| 246 |
3 |
0 |
|a Po lese
|
| 250 |
|
|
|a Prvé slovenské vydanie
|
| 264 |
|
1 |
|a Bratislava
|b Svojtka & Co., s.r.o.
|c 2021
|
| 300 |
|
|
|a 10 nečíslovaných strán
|b farebné ilustrácie
|c 20 x 21 cm
|
| 336 |
|
|
|a text
|b txt
|2 rdacontent
|
| 336 |
|
|
|a statický obraz
|b sti
|2 rdacontent
|
| 337 |
|
|
|a bez média
|b n
|2 rdamedia
|
| 338 |
|
|
|a zväzok
|b nc
|2 rdacarrier
|
| 500 |
|
|
|a Kartónové listy s otváracími okienkami a hmatovými prvkami
|
| 500 |
|
|
|a Na obálke: Na preskúmavanie končekmi prstov. So 16 okienkami
|
| 500 |
|
|
|a Názov z obálky
|
| 500 |
|
|
|a Preložené z francúzskeho vydania
|
| 521 |
8 |
|
|a Pre deti od 3 rokov
|
| 650 |
0 |
7 |
|a lesy
|2 SNKPH
|9 1437
|
| 650 |
0 |
7 |
|a lesné živočíchy
|2 SNKPH
|9 74327
|
| 650 |
0 |
7 |
|a Forests
|2 SNKPHeng
|9 276135
|
| 650 |
0 |
7 |
|a Forest animals
|2 SNKPHeng
|9 328276
|
| 650 |
0 |
7 |
|a ekológia lesa
|2 SNKPH
|9 67319
|
| 650 |
0 |
7 |
|a lesné rastliny
|2 SNKPH
|9 90149
|
| 650 |
0 |
7 |
|a Forest ecology
|2 SNKPHeng
|9 74256
|
| 650 |
0 |
7 |
|a Forest plants
|2 SNKPHeng
|9 342716
|
| 655 |
|
7 |
|a leporelá
|2 SNKPH
|9 60414
|
| 655 |
|
7 |
|a publikácie pre deti
|2 SNKPH
|9 70148
|
| 655 |
|
7 |
|a Picture books for children
|2 SNKPHeng
|9 277438
|
| 655 |
|
7 |
|a Publications for children
|2 SNKPHeng
|9 276792
|
| 700 |
1 |
|
|a Madarásová, Jitka
|4 trl
|9 207448
|
| 787 |
0 |
8 |
|i Zo série:
|t Sleduj cestu
|
| 919 |
|
|
|a 978-80-567-0770-8
|
| 958 |
|
|
|a DB
|
| 968 |
|
|
|b FR
|
| 999 |
|
|
|c 957779
|d 959709
|
| 952 |
|
|
|a SNK
|b SNK
|y PREZ
|7 0
|p 17A1481043
|o snkOSD 10691
|i snk2022/4696
|8 0
|0 0
|1 0
|4 0
|d 2022-03-24
|l 0
|r 2026-02-24 10:09:11
|w 2026-02-24
|
| 952 |
|
|
|a SNK
|b SNK
|y PREZ
|7 0
|p 17A1481044
|o snkOSD 10691 D1
|i snk2022/4697
|8 0
|0 0
|1 0
|4 0
|d 2022-03-24
|l 0
|r 2026-02-24 10:09:11
|w 2026-02-24
|